| 000 | 00333 a2200121 4500 | ||
|---|---|---|---|
| 005 | 20250610155049.0 | ||
| 082 | _a657.32 NBAA | ||
| 111 | _aThe National Board of Accountants and Auditors | ||
| 245 | _aTanzania Statements of Accounting Guidlines. | ||
| 260 |
_aDar es Salaam, _c1999, |
||
| 300 |
_a166p.;tables _c23cm. |
||
| 942 |
_2ddc _cBKS |
||
| 999 |
_c3647 _d3647 |
||